00924nam a2200277Ia 450000500170000000800410001702000180005810000230007624500760009925000180017530000250019349000140021853400180023265000350025065000390028565000360032465000480036065000320040870000420044026400300048233600270051233700330053933800280057204000350060008400110063520220317001538.0161108s2001 sp g 000 f s  a97884339667421 aMcEwan, Iand1948-10aAmor perdurablecIan McEwan ; traducción de Benito Gómez Ibáñez a5a. edición a301 páginasc20 cm aCompactos tEnduring love142LEMBaNovela inglesaySiglo XX142LEMBaLiteratura inglesaySiglo XX142LEMBaSuspenso en la literatura142LEMBaRelaciones de pareja en la literatura142LEMBaAmor en la literatura1 aGómez Ibáñez, Benitoetraductor aBarcelonabAnagramac2001 atextobtxt2rdacontent asin mediaciónbn2rdamedia avolumenbnc2rdacarrier aCO-BoRNBPbspaerdacCO-BoRNBP aN MCE1